000 00425nam a22001457a 4500
008 230621b xxu||||| |||| 00| 0 eng d
082 _a328.052
_bJLS
100 _cKatrin Auel
245 _aThe Journal of the legislative studies
_bSpecial Issue The European of Parliamentary Democracy
260 _bTaylor & Francis Group
_c2005
300 _a528p
440 _n3/4
_v11
_x13572334
700 _cArthur Benz
942 _2ddc
_cBK
999 _c2047
_d2047